Normal view MARC view

Entry Personal Name

Number of records used in: 1

001 - CONTROL NUMBER

  • control field: 9458

003 - CONTROL NUMBER IDENTIFIER

  • control field: DLC

005 - DATE AND TIME OF LATEST TRANSACTION

  • control field: 20230908140358.0

008 - FIXED-LENGTH DATA ELEMENTS

  • fixed length control field: 130513n| azannaabn |a aaa

010 ## - LIBRARY OF CONGRESS CONTROL NUMBER

  • LC control number: n 2012207814

040 ## - CATALOGING SOURCE

  • Original cataloging agency: DLC
  • Language of cataloging: eng
  • Transcribing agency: DLC
  • Description conventions: rda

100 1# - HEADING--PERSONAL NAME

  • Personal name: Palit, Parama Sinha

370 ## - ASSOCIATED PLACE

  • Place of residence/headquarters: Singapore

371 ## - ADDRESS

  • Electronic mail address: psinhapalit@gmail.com
  • Electronic mail address: psinhapalit@icec-council.org

372 ## - FIELD OF ACTIVITY

  • Field of activity: Economic
  • Field of activity: Culture

373 ## - ASSOCIATED GROUP

  • Associated group: India-China Economic and Cultural Council

374 ## - OCCUPATION

  • Occupation: Chief editor

375 ## - GENDER

  • Gender: female

377 ## - ASSOCIATED LANGUAGE

  • Language code: eng

400 0# - SEE FROM TRACING--PERSONAL NAME

  • Personal name: Parama Sinha Palit

670 ## - SOURCE DATA FOUND

  • Source citation: China's soft power in South Asia, 2010:
  • Information found: t.p. (Parama Sinha Palit) p. ii (based in Singapore; Chief editor of the India-China Economic and Cultural Council; she can be reached at psinhapalit@gmail.com and psinhapalit@icec-council.org)

Powered by Koha